Sociology in our times / (Record no. 872)

000 -LEADER
fixed length control field 01208cam a2200397 a 4500
003 - CONTROL NUMBER IDENTIFIER
control field CaAEU
005 - DATE AND TIME OF LATEST TRANSACTION
control field 20210622054650.0
008 - FIXED-LENGTH DATA ELEMENTS--GENERAL INFORMATION
fixed length control field 051104s2007 au ab b 001 0 eng
020 ## - INTERNATIONAL STANDARD BOOK NUMBER
International Standard Book Number 0176406689 (bound)
020 ## - INTERNATIONAL STANDARD BOOK NUMBER
International Standard Book Number 9780176406684 (bound)
040 ## - CATALOGING SOURCE
Transcribing agency NLC
050 ## - LIBRARY OF CONGRESS CALL NUMBER
Classification number HM586
Item number .K45 2007
055 01 - CLASSIFICATION NUMBERS ASSIGNED IN CANADA
Classification number HM586
055 #0 - CLASSIFICATION NUMBERS ASSIGNED IN CANADA
Classification number HM586
Item number .K45 2006
055 00 - CLASSIFICATION NUMBERS ASSIGNED IN CANADA
Classification number HM586
Item number K45 2007 fol.
090 ## - LOCALLY ASSIGNED LC-TYPE CALL NUMBER (OCLC); LOCAL CALL NUMBER (RLIN)
Classification number (OCLC) (R) ; Classification number, CALL (RLIN) (NR) HM 51 K459 2007
Local cutter number (OCLC) ; Book number/undivided call number, CALL (RLIN) ARDC
090 ## - LOCALLY ASSIGNED LC-TYPE CALL NUMBER (OCLC); LOCAL CALL NUMBER (RLIN)
Classification number (OCLC) (R) ; Classification number, CALL (RLIN) (NR) HM 51 K46 2007
Local cutter number (OCLC) ; Book number/undivided call number, CALL (RLIN) AEU
090 ## - LOCALLY ASSIGNED LC-TYPE CALL NUMBER (OCLC); LOCAL CALL NUMBER (RLIN)
Classification number (OCLC) (R) ; Classification number, CALL (RLIN) (NR) HM586 .K462 2007
Local cutter number (OCLC) ; Book number/undivided call number, CALL (RLIN) AEGMCT
100 1# - MAIN ENTRY--PERSONAL NAME
Personal name Kendall, Diana Elizabeth.
245 10 - TITLE STATEMENT
Title Sociology in our times /
Statement of responsibility, etc. Diana Kendall, Jane Lothian Murray, Rick Linden.
250 ## - EDITION STATEMENT
Edition statement 4th Canadian ed.
260 ## - PUBLICATION, DISTRIBUTION, ETC.
Place of publication, distribution, etc. Australia ;
-- Toronto :
Name of publisher, distributor, etc. Thomson Nelson,
Date of publication, distribution, etc. c2007.
300 ## - PHYSICAL DESCRIPTION
Extent xxii, 713 p. :
Other physical details ill., maps, ports. ;
Dimensions 29 cm.
336 ## - CONTENT TYPE
Content type term text
Content type code txt
Source rdacontent
337 ## - MEDIA TYPE
Media type term unmediated
Media type code n
Source rdamedia
338 ## - CARRIER TYPE
Carrier type term volume
Carrier type code nc
Source rdacarrier
504 ## - BIBLIOGRAPHY, ETC. NOTE
Bibliography, etc. note Includes bibliographical references and indexes.
650 #0 - SUBJECT ADDED ENTRY--TOPICAL TERM
Topical term or geographic name entry element Sociology
Form subdivision Textbooks.
700 1# - ADDED ENTRY--PERSONAL NAME
Personal name Linden, Rick.
700 1# - ADDED ENTRY--PERSONAL NAME
Personal name Lothian Murray, Jane,
Dates associated with a name 1960-
942 ## - ADDED ENTRY ELEMENTS (KOHA)
Source of classification or shelving scheme
Koha item type Book
Suppress in OPAC MM
Holdings
Withdrawn status Lost status Source of classification or shelving scheme Damaged status Not for loan Permanent Location Current Location Shelving location Date acquired Total Checkouts Full call number Barcode Date last seen Price effective from Koha item type Public note
          AU LIBRARY AU LIBRARY Open Shelf 22.06.2021   HM586 .K45 2007 28003116 22.06.2021 22.06.2021 Book MM

Powered by Koha